000 00851nam a2200217 a 4500
001 001065480
003 AM-YeHGA
005 20250617160927.0
008 150312s1959 ru r 000 0 rus d
040 _aAM-YeHGA
041 0 _arus
245 0 0 _aВоронец :
_bФрески XV-XVI вв. /
_c[Вступ. статья Петру Комарнеску].
260 _aБухарест :
_bИзд-во лит. на иностр. яз.,
_c1959.
300 _a31 с. текста, 152 л. ил. :
_bил. ;
_c26 см.
440 0 _aШедевры румынского искусства
650 1 4 _aХрамовая живопись румынская
650 1 4 _aФреска румынская
650 1 4 _aРумынская фреска
700 1 _aКорманеску, Петру
_eавт. вступ. ст.
_4aui
090 _c465733
999 _c462553
_d462553